000 00770nam a22002177a 4500
005 20130524115021.0
008 090109t xxu||||| |||| 00| 0urd d
010 _aUR-8405
020 _c300.00
_a8182236745
035 _aU-6960
037 _bDBAD/PUB
040 _aDPL
_burdu
082 _a921
245 _aا قبا ل کی عصر ی معنو یت /
_cمر تب : مشتا ق ا حمد
246 _aIqbal ki asri manwiyat
_bby Mushtaque Ahmed
260 _aد ہلی
_bا یجو کیشنل پبلشنگ ہا ؤ س
_c2010
270 _a3108, Gali Vakil, Kucha Pandit, Lal Kuan
_bDelhi
_e110006
_k011-23216162
_minfo@ephbooks.com
300 _a432 ص
_c22 (Hb)
700 _955153
_dمشتا ق ا حمد
942 _2ddc
_cUR
_h921
_mا ق ب
999 _c76056
_d76056